Time and motion study and formulas for wage incentives / (Record no. 53158)
[ view plain ]
| 000 -LEADER | |
|---|---|
| fixed length control field | 00847nam a2200253 a 4500 |
| 001 - CONTROL NUMBER | |
| control field | 53158 |
| 003 - CONTROL NUMBER IDENTIFIER | |
| rucl marc code | BD-RUjL |
| 005 - DATE AND TIME OF LATEST TRANSACTION | |
| control field | 20211209075923.0 |
| 008 - FIXED-LENGTH DATA ELEMENTS--GENERAL INFORMATION | |
| fixed length control field | 161003s1940 nyua 000 0 eng |
| 035 ## - SYSTEM CONTROL NUMBER | |
| System control number | (BD-RUjL)53278 |
| 040 ## - CATALOGING SOURCE | |
| Modifying agency | BD-RUjL |
| Language of cataloging | eng |
| Original cataloging agency | BD-RjUL |
| Transcribing agency | BD-RjUL |
| 041 ## - LANGUAGE CODE | |
| Language code of text/sound track or separate title | eng |
| 082 ## - DEWEY DECIMAL CLASSIFICATION NUMBER | |
| Edition number | 23 |
| Classification number | 658.542 |
| Author mark and year | LOT 1960 |
| 100 1# - MAIN ENTRY--PERSONAL NAME | |
| Personal name | Lowry, Stewart McKinley, |
| 9 (RLIN) | 158898 |
| 245 10 - TITLE STATEMENT | |
| Title | Time and motion study and formulas for wage incentives / |
| Statement of responsibility, etc. | by Stewart M. Lowry, Harold B. Maynard [and] G. J. Stegemerten. |
| 250 ## - EDITION STATEMENT | |
| Edition statement | 3d ed. |
| 260 ## - PUBLICATION, DISTRIBUTION, ETC. (IMPRINT) | |
| Place of publication, distribution, etc. | New York ; |
| -- | London : |
| Name of publisher, distributor, etc. | McGraw-Hill Book Company, inc., |
| Date of publication, distribution, etc. | c1940. |
| 300 ## - PHYSICAL DESCRIPTION | |
| Pagination | xiii, 432 p. |
| Illustrations | ill. ; |
| Size | 24 cm. |
| 650 #0 - SUBJECT ADDED ENTRY--TOPICAL TERM | |
| Topical term or geographic name as entry element | Industrial efficiency. |
| 9 (RLIN) | 133537 |
| Topical term or geographic name as entry element | Time and motion study |
| 9 (RLIN) | 159609 |
| 700 1# - ADDED ENTRY--PERSONAL NAME | |
| Personal name | Maynard, Harold B. |
| Personal name | Stegemerten, G. J. |
| 942 ## - ADDED ENTRY ELEMENTS (KOHA) | |
| Source of classification or shelving scheme | Dewey Decimal Classification |
| Koha item type | Books |
| Lost status | Source of classification or shelving scheme | Damaged status | Not for loan | Collection code | Permanent Location | Current Location | Shelving location | Date acquired | Source of acquisition | Cost, normal purchase price | Total Checkouts | Full call number | Date last seen | Copy number | Koha item type |
|---|---|---|---|---|---|---|---|---|---|---|---|---|---|---|---|
| Dewey Decimal Classification | Non-fiction | Central Library, University of Rajshahi | Central Library, University of Rajshahi | 26/10/1965 | Zeitlinger | 84.00 | 658.542 LOT 1960 | 03/10/2016 | C-2 | Books | |||||
| Dewey Decimal Classification | Non-fiction | Central Library, University of Rajshahi | Central Library, University of Rajshahi | 26/10/1965 | Zeitlinger | 84.00 | 658.542 LOT 1960 | 03/10/2016 | C-3 | Books | |||||
| Dewey Decimal Classification | Not For Loan | Non-fiction | Central Library, University of Rajshahi | Central Library, University of Rajshahi | Reading Room | 11/10/1955 | Allies Books | 34.20 | 658.542 LOT 1940 | 23/09/2019 | C-1 | Books |